00381nam a2200145Ia 4500008004100000020001400041041000800055082001800063100004200081245004400123250000600167260003300173300001200206650001700218210716s2003 xx 000 0 und d a672323435 aeng a005.2766 MCMJ aMcmanus, Jeffrey P;Goldstein, Jackie. aDatabase access with visual basic .net. a3 aBostonbAddison Wesleyc2003 axix,441 aVisual Basic